000 01995cam a22004694i 4500
003 PE-LiUPU
005 20250731173450.0
008 150616s1994 flu r 000 0 spa d
020 _a0899224903
035 _a(Sirsi) i9780899224909
040 _aPE-LiUPU
_bspa
_cPE-LiUPU
_erda
049 _aPRUA
082 0 4 _a278.6
_bJ54
_221
100 1 _aJiménez, Carlos,
_eautor.
245 1 0 _a20 Señales de una Iglesia que Impacta /
_cCarlos Jiménez.
246 3 _aVeinte Señales de una Iglesia que Impacta
264 1 _aMiami :
_bEditorial Caribe,
_c1994.
300 _a336 páginas ;
_c20 centímetros
336 _atext
_2rdacontent
337 _aunmediated
_2rdamedia
338 _avolume
_2rdacarrier
505 0 _aHerencia infinita -- Trabajo agradable -- Visión enfocada -- Poder productivo -- Posición inamovible -- Derechos inamovibles -- Fundamentos estables -- Manifestación gloriosa -- Nexo y dimensión influyentes -- Fluir perenne y efectivo -- Diario vivir transparente -- Unidad inquebrantable -- Ministerio fructífero -- Santidad sin fingimientos -- Llenura inagotable -- Comunión y relaciones necesarias -- Batalla buena y victoriosa -- Armas espirituales -- Buenos deseos inalterables -- Doxología final.
526 _aSEG42
526 _aSEG41
526 _aSEG40
526 _aSEG39
526 _aP94
526 _aP87
526 _aP86
526 _aP85
526 _aP77
526 _aP76
526 _aP35
650 0 4 _aIglesia - Reflexiones - Colombia.
910 _ajck
_bjvq
_cjck
942 _2ddc
_cBOOK
949 _a278.6 J54
_wDEWEY
_c1
_i39594
_lCCODEBUL1
_mBUL
_r0
_sY
_tBOOK
_u2015-6-16
_xTEOLOGIA
_zUNKNOWN
_0COMPRA
_o.STAFF. Colección General
994 _aC0
_bPEPRU
596 _a1
999 _a278.6 J54
_wDEWEY
_c57503
_i39594
_f2021-11-11
_g5
_lCCODEBUL1
_mBUL
_p10.00
_r0
_sY
_tBOOK
_u2015-6-16
_xTEOLOGIA
_PP35
_0COMPRA
_o.STAFF. Colección Teología
_d57503
980 _81
_gALBERTO SANCHEZ Responsable de Automatización